000 00517nam a2200181Ia 4500
005 20250326125130.0
008 250326s9999 xx 000 0 und d
037 _aTextbook
040 _aFMSL
_beng
_cFMSL
041 _aeng
_2eng
084 _aX:9.44 K0
_qFMSL
100 _aMamoria C B
245 0 _aLabour problems & social welfare in India
_cMamoria C B; Doshi S L
260 _aAllahabad
_bAllahabad, Kitab Mahal
_c1966
300 _a492p
942 _cTB
_hX:9.44 K0
999 _c1276683
_d1276683